[Event "European Blitz 2017"]
[Site "Katowice POL"]
[Date "2017.12.15"]
[Round "2.61"]
[White "Schneider, Ilja"]
[Black "Kacprzak, Karol"]
[Result "1-0"]
[WhiteTitle "IM"]
[WhiteElo "2517"]
[BlackElo "1818"]
[WhiteFideId "4663306"]
[BlackFideId "21819327"]
[EventDate "2017.12.15"]
[EventType "blitz"]

1. d4 Nf6 2. Bg5 Ne4 3. Bf4 d5 4. e3 e6 5. Bd3 Bd6 6. Qg4 g6 7. Bxe4 dxe4 8.
Bxd6 Qxd6 9. Nc3 f5 10. Qg3 Nc6 11. O-O-O Qxg3 12. hxg3 Bd7 13. g4 O-O-O 14. g5
Ne7 15. Nge2 a6 16. Rh4 Rdf8 17. Rdh1 Rf7 18. Nf4 b5 19. Rh6 b4 20. Nce2 Rg7 21.
c3 a5 22. cxb4 axb4 23. Kb1 Kb7 24. Nc1 Kc6 25. Nb3 Kd6 26. Nc5 Bc8 27. Rc1 c6
28. Rc4 Nd5 29. Nxd5 exd5 30. Rxb4 Ra7 31. g3 Ba6 32. a4 Be2 33. Rh1 Ra5 34.
Nb7+ Kc7 35. Nxa5 Bd3+ 36. Ka2 Ba6 37. Rc1 Kd7 38. Rb6 Ra8 39. Nxc6 Bc4+ 40.
Rxc4 dxc4 41. Ne5+ Ke7 42. Ka3 Ra5 43. Nc6+ 1-0

[Event "European Blitz 2017"]
[Site "Katowice POL"]
[Date "2017.12.15"]
[Round "2.63"]
[White "Laurusas, Tomas"]
[Black "Chyzy, Jakub"]
[Result "1-0"]
[WhiteTitle "IM"]
[WhiteElo "2423"]
[BlackElo "2112"]
[WhiteFideId "12803731"]
[BlackFideId "21806209"]
[EventDate "2017.12.15"]
[EventType "blitz"]

1. d4 d5 2. c4 e6 3. Nf3 Nf6 4. Bg5 Be7 5. e3 Nbd7 6. Nc3 O-O 7. Rc1 c6 8. Bd3
dxc4 9. Bxc4 b5 10. Bd3 Bb7 11. O-O a6 12. a4 Rc8 13. Qe2 b4 14. Ne4 Nxe4 15.
Bxe7 Qxe7 16. Bxe4 Nf6 17. Bd3 a5 18. Rc5 Qc7 19. Rfc1 Nd7 20. R5c2 Qd6 21. Be4
Nf6 22. Nd2 Rc7 23. Rc5 Ra8 24. Bf3 Nd7 25. Nc4 Qe7 26. Rxa5 Rxa5 27. Nxa5 Ba8
28. Qa6 Qd8 29. h3 h6 30. Nb3 Bb7 31. Qa5 Nf6 32. Qxb4 Nd5 33. Qa5 Qd7 34. Nc5 1-0

[Event "European Blitz 2017"]
[Site "Katowice POL"]
[Date "2017.12.15"]
[Round "2.64"]
[White "Spicak, Krzysztof"]
[Black "Ladva, Ottomar"]
[Result "0-1"]
[BlackTitle "GM"]
[WhiteElo "1870"]
[BlackElo "2522"]
[WhiteFideId "1106546"]
[BlackFideId "4500024"]
[EventDate "2017.12.15"]
[EventType "blitz"]

1. e4 c5 2. Nc3 e6 3. Bc4 a6 4. a4 b6 5. f4 Bb7 6. Nf3 d5 7. exd5 exd5 8. Qe2+
Be7 9. Bd3 Nf6 10. Bf5 O-O 11. O-O Re8 12. d3 Nc6 13. Kh1 Nb4 14. Nd1 d4 15. Nf2
Bd6 16. Qd2 Nfd5 17. Ne5 Ne3 18. Rg1 Nxf5 0-1

[Event "European Blitz 2017"]
[Site "Katowice POL"]
[Date "2017.12.15"]
[Round "2.65"]
[White "Feuerstack, Aljoscha"]
[Black "Pawlowski, Reinhold"]
[Result "1-0"]
[WhiteTitle "IM"]
[WhiteElo "2438"]
[BlackElo "1979"]
[WhiteFideId "4681932"]
[BlackFideId "1125583"]
[EventDate "2017.12.15"]
[EventType "blitz"]

1. e4 e5 2. d4 exd4 3. Qxd4 Nc6 4. Qe3 d6 5. Nc3 Nf6 6. Bd2 Be7 7. O-O-O O-O 8.
f4 Ng4 9. Qe1 Re8 10. Nf3 f5 11. Bc4+ Kh8 12. h3 Nh6 13. e5 a6 14. g4 b5 15. Bd5
Bb7 16. e6 Na5 17. gxf5 Nxf5 18. Bxb7 Nxb7 19. Qe4 Ng3 20. Qxb7 Nxh1 21. Rxh1
Bf8 22. Re1 Rb8 23. Qe4 h6 24. f5 Qf6 25. Nd5 Qd8 26. e7 Bxe7 1-0

[Event "European Blitz 2017"]
[Site "Katowice POL"]
[Date "2017.12.15"]
[Round "2.66"]
[White "Isaev, Vasily"]
[Black "Pena Gomez, Manuel"]
[Result "0-1"]
[BlackTitle "IM"]
[WhiteElo "1844"]
[BlackElo "2491"]
[WhiteFideId "34152188"]
[BlackFideId "2252813"]
[EventDate "2017.12.15"]
[EventType "blitz"]

1. e4 c5 2. Nf3 e6 3. d4 cxd4 4. Nxd4 Nc6 5. c4 Nf6 6. Nc3 Bb4 7. Nc2 Be7 8. Be3
O-O 9. Be2 d6 10. O-O b6 11. f4 Bb7 12. Bf3 Rc8 13. Qe1 Na5 14. b3 d5 15. e5 Ne4
16. Rd1 Nxc3 17. Qxc3 Qc7 18. Qe1 dxc4 19. b4 Nc6 20. Qg3 g6 21. b5 Nb4 22. Nxb4
Bxb4 23. Bg4 Bc5 24. Bxc5 Qxc5+ 25. Kh1 c3 26. f5 exf5 27. Bxf5 Rcd8 28. Bxg6
hxg6 29. Rxf7 Rxd1+ 0-1

[Event "European Blitz 2017"]
[Site "Katowice POL"]
[Date "2017.12.15"]
[Round "2.67"]
[White "Kwasniewski, Pawel"]
[Black "Sammalvuo, Tapani"]
[Result "1-0"]
[BlackTitle "IM"]
[WhiteElo "1717"]
[BlackElo "2416"]
[WhiteFideId "1155180"]
[BlackFideId "501115"]
[EventDate "2017.12.15"]
[EventType "swiss"]

1. d4 Nf6 2. Nf3 e6 3. Bg5 c5 4. e3 Be7 5. c3 b6 6. Bd3 Bb7 7. Nbd2 cxd4 8. exd4
O-O 9. O-O d6 10. Re1 Nbd7 11. h3 a6 12. Qe2 Re8 13. Ne4 Nxe4 14. Bxe7 Qxe7 15.
Bxe4 Bxe4 16. Qxe4 b5 17. Rad1 Nf6 18. Qe3 Qb7 19. Nd2 Qd5 20. a3 a5 21. Ne4
Nxe4 22. Qxe4 Qxe4 23. Rxe4 d5 24. Re3 Rec8 25. Kf1 b4 26. axb4 axb4 27. Rc1 Ra2
28. Re2 g5 29. f3 Kg7 30. Kf2 Rc4 31. Ke3 h5 32. Rec2 Kf6 33. g3 Kf5 34. g4+ Kg6
35. Kd3 b3 36. Rg2 h4 37. Rf2 Ra6 38. f4 gxf4 39. Rxf4 e5 40. Rf5 e4+ 41. Ke3
Rf6 42. Rcf1 Rcc6 43. Kf4 Rxf5+ 44. gxf5+ Kf6 45. Ra1 1-0

[Event "European Blitz 2017"]
[Site "Katowice POL"]
[Date "2017.12.15"]
[Round "2.69"]
[White "Kuzmicz, Krystian"]
[Black "Castillo Martinez, Aran"]
[Result "1-0"]
[WhiteTitle "IM"]
[WhiteElo "2460"]
[BlackElo "1755"]
[WhiteFideId "1119125"]
[BlackFideId "32074301"]
[EventDate "2017.12.15"]
[EventType "blitz"]

1. e4 e5 2. Nf3 Nc6 3. d4 exd4 4. Bc4 Nf6 5. e5 d5 6. Bb5 Ng4 7. h3 Nh6 8. Bxh6
gxh6 9. Nxd4 Bd7 10. Bxc6 Bxc6 11. Nxc6 bxc6 12. O-O Rg8 13. Qf3 Qg5 14. Nc3
O-O-O 15. Rfe1 Re8 16. Re2 Re6 17. Rae1 Reg6 18. g3 Bb4 19. a3 Bxc3 20. Qxc3 Qf5
21. Kg2 h5 22. Qf3 Qe6 23. h4 Rg4 24. Kh2 Rc4 25. b3 Rcg4 26. Qf6 R4g6 27. Qxe6+
fxe6 28. Re3 d4 29. Re4 c5 30. Rd1 Kd7 31. c3 Rg4 32. Rxg4 Rxg4 33. f4 Ke7 34.
cxd4 cxd4 35. Rxd4 Rg8 36. Kg2 Rb8 37. b4 Rb6 38. Kf3 Ra6 39. Rd3 Rc6 40. Ke4
Rc4+ 41. Ke3 Rc1 42. Kd4 h6 43. Rc3 Rg1 44. Rxc7+ Kf8 45. Rc3 Rd1+ 46. Kc5 Rd5+
47. Kc6 Rd1 48. a4 a5 49. bxa5 Ra1 50. Rb3 Rxa4 51. Kb6 Rc4 52. a6 Rc8 53. a7
Ra8 54. Kb7 1-0

[Event "European Blitz 2017"]
[Site "Katowice POL"]
[Date "2017.12.15"]
[Round "2.70"]
[White "Korcz, Daniel"]
[Black "Krejci, Jan2"]
[Result "0-1"]
[BlackTitle "GM"]
[WhiteElo "1784"]
[BlackElo "2570"]
[WhiteFideId "1171240"]
[BlackFideId "322156"]
[EventDate "2017.12.15"]
[EventType "blitz"]

1. e4 c6 2. d4 d5 3. Nd2 dxe4 4. Nxe4 Nd7 5. c3 Ngf6 6. Bd3 Nxe4 7. Bxe4 Nf6 8.
Bc2 Bg4 9. f3 Bh5 10. Ne2 Bg6 11. Bb3 e6 12. Nf4 Bd6 13. Be3 Qc7 14. Qd2 a5 15.
h4 a4 16. Bd1 Nd5 17. Nxd5 Bg3+ 18. Kf1 exd5 19. f4 Qe7 20. Bf2 Bxf2 21. Kxf2
Be4 22. Re1 Qxh4+ 23. Kg1 O-O 24. Re3 Qxf4 25. Be2 Rae8 26. Rf1 Qg5 27. Bf3 Re6
28. Qe1 Bxf3 29. Rfxf3 Rfe8 30. Rg3 Rxe3 31. Qxe3 Qxe3+ 0-1

[Event "European Blitz 2017"]
[Site "Katowice POL"]
[Date "2017.12.15"]
[Round "2.71"]
[White "Arnaudov, G. Petar"]
[Black "Meller, Piotr"]
[Result "1-0"]
[WhiteTitle "GM"]
[WhiteElo "2439"]
[BlackElo "2031"]
[WhiteFideId "2907127"]
[BlackFideId "1179551"]
[EventDate "2017.12.15"]
[EventType "blitz"]

1. d4 Nf6 2. c4 b6 3. Nc3 e6 4. a3 Bb7 5. d5 exd5 6. cxd5 d6 7. e4 Be7 8. Nf3
Nbd7 9. Be2 Nc5 10. Qc2 O-O 11. b4 Ncd7 12. O-O c5 13. dxc6 Bxc6 14. Nd4 Bb7 15.
Bb2 Rc8 16. f3 Ne5 17. Qd2 Re8 18. Rfd1 Bf8 19. Ndb5 d5 20. f4 Nc4 21. Bxc4 dxc4
22. e5 Ne4 23. Qe3 Qh4 24. Nxe4 Qg4 25. h3 Qg6 26. f5 Qc6 27. Nxa7 Qxe4 28. Qxe4
Bxe4 29. Nxc8 Rxc8 30. Bc3 Bxf5 31. a4 Bd3 32. a5 b5 33. a6 Ra8 34. Ra5 h6 35.
Rda1 Be7 36. Rxb5 Bg5 37. Kf2 f5 38. a7 1-0

[Event "European Blitz 2017"]
[Site "Katowice POL"]
[Date "2017.12.15"]
[Round "2.72"]
[White "Kopica, Paulina"]
[Black "Kazakovskiy, Valeriy"]
[Result "0-1"]
[BlackTitle "IM"]
[WhiteElo "1959"]
[BlackElo "2422"]
[WhiteFideId "1161210"]
[BlackFideId "13507443"]
[EventDate "2017.12.15"]
[EventType "blitz"]

1. e4 e5 2. Nf3 Nc6 3. d4 exd4 4. Bc4 Nf6 5. e5 d5 6. Bb5 Ne4 7. Nxd4 Bc5 8. O-O
O-O 9. Nxc6 bxc6 10. Bxc6 Ba6 11. Be3 Bxe3 12. fxe3 Bxf1 13. Bxa8 Qg5 14. Qf3
Bxg2 15. Qxg2 Qxe3+ 16. Kh1 Nf2+ 17. Kg1 Nh3+ 18. Kf1 Qc1+ 19. Ke2 Nf4+ 0-1

[Event "European Blitz 2017"]
[Site "Katowice POL"]
[Date "2017.12.15"]
[Round "2.73"]
[White "Skliarov, Viktor"]
[Black "Grzesik, Gracjan"]
[Result "1-0"]
[WhiteTitle "IM"]
[WhiteElo "2353"]
[BlackElo "1797"]
[WhiteFideId "14106736"]
[BlackFideId "1194593"]
[EventDate "2017.12.15"]
[EventType "blitz"]

1. e4 c5 2. Nf3 d6 3. d4 cxd4 4. Qxd4 Nc6 5. Bb5 Bd7 6. Bxc6 Bxc6 7. Nc3 e6 8.
Bg5 Nf6 9. O-O-O Be7 10. Rhe1 O-O 11. Kb1 Qb6 12. Qxb6 axb6 13. Nd4 Rfd8 14. f3
h6 15. Be3 d5 16. e5 Nd7 17. f4 Nc5 18. f5 exf5 19. Nxf5 Bf8 20. g4 Kh7 21. Rf1
g6 22. Nd4 Kg7 23. Rf6 Rac8 24. Rdf1 Rd7 25. b4 Ne6 26. b5 Nxd4 27. Bxd4 1-0

[Event "European Blitz 2017"]
[Site "Katowice POL"]
[Date "2017.12.15"]
[Round "2.74"]
[White "Sidletskiy, Ivan"]
[Black "Zorko, Jure"]
[Result "0-1"]
[BlackTitle "IM"]
[WhiteElo "1842"]
[BlackElo "2457"]
[WhiteFideId "14156024"]
[BlackFideId "14604051"]
[EventDate "2017.12.15"]
[EventType "blitz"]

1. e4 e5 2. Bc4 Nf6 3. Nc3 Nxe4 4. Nf3 Nf6 5. Nxe5 d5 6. Qe2 Be7 7. Bb3 O-O 8.
d4 Nc6 9. Nxc6 bxc6 10. O-O a5 11. Re1 Bd6 12. h3 Re8 13. Be3 Bb4 14. a3 Bxc3
15. bxc3 a4 16. Ba2 Ba6 17. Qf3 Qe7 18. Kh2 Qd7 19. Bf4 Ne4 20. c4 Re6 21. c5
Rae8 22. Re3 h6 23. Rae1 Rf6 24. c4 g5 25. cxd5 cxd5 26. Bxd5 Rxf4 27. Rxe4
Rexe4 28. Rxe4 Rxf3 29. gxf3 Qxd5 0-1

[Event "European Blitz 2017"]
[Site "Katowice POL"]
[Date "2017.12.15"]
[Round "2.75"]
[White "Stocek, Jiri"]
[Black "Adamczyk, Piotr"]
[Result "1-0"]
[WhiteTitle "GM"]
[WhiteElo "2566"]
[BlackElo "1746"]
[WhiteFideId "304760"]
[BlackFideId "1174312"]
[EventDate "2017.12.15"]
[EventType "blitz"]

1. d4 e6 2. e4 d5 3. Nc3 Nf6 4. Bg5 Be7 5. e5 Nfd7 6. h4 h6 7. Be3 c5 8. Qg4 Kf8
9. f4 cxd4 10. Bxd4 Nc6 11. Nf3 Nxd4 12. Nxd4 Bc5 13. O-O-O Qb6 14. Na4 Qb4 15.
Nxc5 Nxc5 16. Rh3 Bd7 17. Rc3 Rc8 18. a3 Qb6 19. h5 Ne4 20. Rxc8+ Bxc8 21. Qf3
Bd7 22. g4 Qd8 23. Bd3 Nc5 24. Kb1 Nxd3 25. Rxd3 Qh4 26. Rb3 b6 27. Rc3 Ke7 28.
Rc7 Rc8 29. Rxa7 Qe1+ 30. Ka2 Qd2 31. c3 Qh2 1-0

[Event "European Blitz 2017"]
[Site "Katowice POL"]
[Date "2017.12.15"]
[Round "2.78"]
[White "Czaplewska, Klara"]
[Black "Polzin, Rainer"]
[Result "0-1"]
[BlackTitle "GM"]
[WhiteElo "1885"]
[BlackElo "2404"]
[WhiteFideId "1149342"]
[BlackFideId "4610741"]
[EventDate "2017.12.15"]
[EventType "blitz"]

1. e4 c6 2. d4 d5 3. e5 Bf5 4. Nf3 e6 5. Be2 Nd7 6. O-O Ne7 7. Nbd2 Bg6 8. Nb3
Nf5 9. a4 Be7 10. a5 a6 11. Be3 O-O 12. Qd2 Nxe3 13. fxe3 c5 14. c4 Be4 15. Bd3
cxd4 16. cxd5 dxe3 17. Qxe3 Bxd3 18. Qxd3 Nc5 19. Nxc5 Bxc5+ 20. Kh1 Qxd5 21.
Qxd5 exd5 22. Rfd1 Rfd8 23. Rac1 Rac8 24. h3 h6 25. b4 Bxb4 26. Rxc8 Rxc8 27.
Rxd5 Rb8 28. Nd4 Bc3 29. Nf5 Kh7 30. Rd7 Bxe5 31. Rxf7 Kg6 32. Rd7 Kxf5 33. g4+
Ke4 34. Re7 Rc8 35. Kg2 Rc3 36. Rxb7 Rc2+ 37. Kf1 Kf3 38. Rf7+ Bf4 39. Rxf4+
Kxf4 40. Ke1 Ke3 41. Kd1 Ra2 42. Kc1 Kd3 43. Kb1 Rg2 44. g5 hxg5 45. Kc1 g6 46.
h4 gxh4 47. Kd1 Rg1# 0-1

[Event "European Blitz 2017"]
[Site "Katowice POL"]
[Date "2017.12.15"]
[Round "2.80"]
[White "Paliwoda, Borys"]
[Black "Kanarek, Marcel"]
[Result "0-1"]
[BlackTitle "GM"]
[WhiteElo "1956"]
[BlackElo "2505"]
[WhiteFideId "1187376"]
[BlackFideId "1126822"]
[EventDate "2017.12.15"]
[EventType "blitz"]

1. e4 c5 2. Nf3 Nc6 3. d4 cxd4 4. Nxd4 g6 5. c4 Bg7 6. Nc2 Nf6 7. Nc3 d6 8. Be2
a6 9. O-O O-O 10. Be3 Be6 11. Rc1 Rc8 12. Qd2 Qa5 13. Nd4 Nxd4 14. Bxd4 Bxc4 15.
Bxc4 Rxc4 16. Bxf6 Bxf6 17. Nd5 Qxd2 0-1

[Event "European Blitz 2017"]
[Site "Katowice POL"]
[Date "2017.12.15"]
[Round "2.82"]
[White "Kurzok, Zenon"]
[Black "Berchtenbreiter, Maximilian"]
[Result "0-1"]
[BlackTitle "IM"]
[WhiteElo "1728"]
[BlackElo "2387"]
[WhiteFideId "1159780"]
[BlackFideId "24641120"]
[EventDate "2017.12.15"]
[EventType "blitz"]

1. e4 c6 2. d4 d5 3. Nc3 dxe4 4. Nxe4 Nf6 5. Nf3 Nxe4 6. Bd3 Nd6 7. O-O g6 8. c3
Bg7 9. Re1 O-O 10. Bg5 Re8 11. Qd2 Nd7 12. Re2 Nf6 13. Rae1 Bg4 14. Qf4 Bxf3 15.
Qxf3 Qd7 16. h3 a5 17. Re5 a4 18. Bc2 Nc4 19. R5e2 Nxb2 20. Bxg6 hxg6 21. Rxb2
b5 22. Rbe2 Qd5 23. Qd3 Qxg5 0-1

[Event "European Blitz 2017"]
[Site "Katowice POL"]
[Date "2017.12.15"]
[Round "2.84"]
[White "Czarniecka, Aleksandra"]
[Black "Pultinevicius, Paulius"]
[Result "0-1"]
[BlackTitle "IM"]
[WhiteElo "1954"]
[BlackElo "2371"]
[WhiteFideId "1194933"]
[BlackFideId "12809390"]
[EventDate "2017.12.15"]
[EventType "blitz"]

1. e4 c5 2. Nf3 Nc6 3. d4 cxd4 4. Nxd4 e5 5. Nb5 d6 6. N1c3 a6 7. Na3 Be7 8. Nd5
Nf6 9. Nxf6+ Bxf6 10. c3 O-O 11. Bc4 Bg5 12. O-O Bxc1 13. Rxc1 Qc7 14. Nc2 Na5
15. Bd5 Be6 16. Ne3 Nc6 17. Qd3 Rad8 18. Rfd1 Ne7 19. b3 Ng6 20. g3 Ne7 21. Qc2
Kh8 22. Rd3 Bc8 23. Bc4 f5 24. Nd5 Nxd5 25. Bxd5 Qe7 26. Qe2 Rf6 27. Rf1 f4 28.
Qd2 Rdf8 29. Qd1 Qd7 30. gxf4 Rxf4 31. Rg3 Qe7 32. Kh1 Qf6 33. Qe2 g6 34. Kg1 h5
35. Bc4 Bg4 36. Qd2 Bf3 37. Rxf3 0-1

[Event "European Blitz 2017"]
[Site "Katowice POL"]
[Date "2017.12.15"]
[Round "2.85"]
[White "Valsecchi, Alessio"]
[Black "Komorowski, Piotr"]
[Result "1-0"]
[WhiteTitle "IM"]
[WhiteElo "2501"]
[BlackElo "1708"]
[WhiteFideId "818860"]
[BlackFideId "1139789"]
[EventDate "2017.12.15"]
[EventType "blitz"]

1. d4 Nf6 2. c4 g6 3. g3 Bg7 4. Bg2 d6 5. Nc3 O-O 6. Nf3 Nc6 7. O-O e5 8. d5 Ne7
9. Ne1 Nd7 10. Nd3 f5 11. e4 h6 12. f4 Kh7 13. h3 a5 14. Kh2 b6 15. Bd2 Nc5 16.
Nxc5 bxc5 17. Qc2 c6 18. dxc6 Nxc6 19. exf5 Bxf5 20. Qa4 Nd4 21. Rae1 Rb8 22.
Bc1 Rb4 23. Qd1 Re8 24. Bd5 exf4 25. Rxf4 Rxe1 26. Qxe1 Nc2 27. Qe2 Nd4 28. Qf1
Qe7 29. g4 Bd7 30. Rf2 Be6 31. b3 Bxd5 32. Nxd5 Qe5+ 33. Bf4 Qe4 34. Nxb4 axb4
35. Bg3 Qe6 36. Rf7 d5 1-0

[Event "European Blitz 2017"]
[Site "Katowice POL"]
[Date "2017.12.15"]
[Round "2.87"]
[White "Djuric, Stefan"]
[Black "Vraj, Karel"]
[Result "1-0"]
[WhiteTitle "GM"]
[WhiteElo "2383"]
[BlackElo "1877"]
[WhiteFideId "900133"]
[BlackFideId "366056"]
[EventDate "2017.12.15"]
[EventType "blitz"]

1. e4 e5 2. Nf3 Nc6 3. Bb5 a6 4. Bxc6 dxc6 5. O-O Bg4 6. h3 h5 7. d3 Qf6 8. Nbd2
Ne7 9. Re1 Ng6 10. d4 Bd6 11. hxg4 hxg4 12. Nh2 Rxh2 13. Qxg4 Qh4 14. Qxh4 Rxh4
15. Nf3 Rh7 16. c3 O-O-O 17. g3 Rdh8 18. Kg2 f6 19. Be3 Kd7 20. Rh1 exd4 21.
Rxh7 Rxh7 22. Bxd4 c5 23. Be3 Ne7 24. Rd1 Kc6 25. Nd2 f5 26. Bg5 fxe4 27. Bxe7
Bxe7 28. Nxe4 b5 29. c4 b4 30. Rd5 a5 31. Re5 Bd6 32. Rg5 Be5 33. Rxe5 1-0

[Event "European Blitz 2017"]
[Site "Katowice POL"]
[Date "2017.12.15"]
[Round "2.88"]
[White "Goraj, Barbara"]
[Black "Kourousis, Epaminondas"]
[Result "0-1"]
[BlackTitle "IM"]
[WhiteElo "1655"]
[BlackElo "2393"]
[WhiteFideId "21816166"]
[BlackFideId "4211626"]
[EventDate "2017.12.15"]
[EventType "blitz"]

1. e4 c5 2. Nf3 d6 3. d4 cxd4 4. Nxd4 Nf6 5. Nc3 a6 6. Bg5 e6 7. f4 h6 8. Bh4
Qb6 9. a3 Nbd7 10. Bf2 Qc7 11. Qf3 b5 12. O-O-O Bb7 13. g4 g5 14. f5 e5 15. Ne6
fxe6 16. fxe6 Bg7 17. exd7+ Qxd7 18. h4 Qxg4 19. Qd3 Rd8 20. Bh3 Bxe4 21. Qd2
Qh5 22. Bb6 Bxh1 23. Bxd8 O-O 24. Qxd6 Bf3 25. Be6+ Kh8 26. Rf1 Ne8 27. Qd7 Qxh4
28. Be7 Qf4+ 29. Kb1 Nf6 30. Qd6 Re8 31. Bf7 Ra8 32. Re1 e4 33. Nd5 Qxd6 34.
Bxd6 Nxd5 35. Bxd5 Rd8 36. Bxe4 Bxe4 37. Rxe4 Rxd6 0-1

[Event "European Blitz 2017"]
[Site "Katowice POL"]
[Date "2017.12.15"]
[Round "3.1"]
[White "Wojtaszek, Radoslaw"]
[Black "Bablok, Maciej"]
[Result "1-0"]
[WhiteTitle "GM"]
[WhiteElo "2736"]
[BlackElo "2130"]
[WhiteFideId "1118358"]
[BlackFideId "1112112"]
[EventDate "2017.12.15"]
[EventType "blitz"]

1. d4 Nf6 2. Bg5 e6 3. e3 d5 4. c4 c6 5. Nc3 Be7 6. Nf3 h6 7. Bh4 O-O 8. Bd3
Nbd7 9. O-O dxc4 10. Bxc4 Nb6 11. Bd3 Nbd5 12. Rc1 Nxc3 13. bxc3 Nd5 14. Bg3 Bd6
15. c4 Nf6 16. Ne5 Qe7 17. c5 Bxe5 18. Bxe5 Nd7 19. Bd6 Qe8 20. Bc2 1-0

[Event "European Blitz 2017"]
[Site "Katowice POL"]
[Date "2017.12.15"]
[Round "3.2"]
[White "Berzina, Ilze"]
[Black "Navara, David"]
[Result "0-1"]
[WhiteTitle "WGM"]
[BlackTitle "GM"]
[WhiteElo "2211"]
[BlackElo "2740"]
[WhiteFideId "11601345"]
[BlackFideId "309095"]
[EventDate "2017.12.15"]
[EventType "blitz"]

1. e4 c5 2. Nf3 d6 3. Bb5+ Nd7 4. d4 cxd4 5. Qxd4 a6 6. Bxd7+ Bxd7 7. c4 Rc8 8.
Nc3 e5 9. Qd3 Qc7 10. b3 b5 11. Nd5 Qb7 12. O-O Nf6 13. Nxf6+ gxf6 14. Ba3 Bc6
15. Rfe1 b4 16. Bb2 Rg8 17. Nh4 Rg4 18. Qh3 Rxe4 19. Nf5 Rf4 20. Qxh7 Be4 21.
Ng7+ Ke7 22. Qh6 Rg4 23. Rxe4 Qxe4 24. g3 Bxg7 0-1

[Event "European Blitz 2017"]
[Site "Katowice POL"]
[Date "2017.12.15"]
[Round "3.4"]
[White "Olkhovskiy, Alexander"]
[Black "McShane, Luke J"]
[Result "0-1"]
[BlackTitle "GM"]
[WhiteElo "2145"]
[BlackElo "2640"]
[WhiteFideId "34188611"]
[BlackFideId "404853"]
[EventDate "2017.12.15"]
[EventType "blitz"]

1. e4 e5 2. Nf3 Nc6 3. Bc4 Bc5 4. c3 Nf6 5. d3 d6 6. b4 Bb6 7. a4 a5 8. b5 Ne7
9. O-O O-O 10. Re1 Ng6 11. h3 c6 12. Qb3 d5 0-1

[Event "European Blitz 2017"]
[Site "Katowice POL"]
[Date "2017.12.15"]
[Round "3.7"]
[White "Ragger, Markus"]
[Black "Szczyrba, Daniel"]
[Result "1-0"]
[WhiteTitle "GM"]
[WhiteElo "2657"]
[BlackElo "2127"]
[WhiteFideId "1610856"]
[BlackFideId "1115588"]
[EventDate "2017.12.15"]
[EventType "blitz"]

1. e4 c5 2. Nf3 Nc6 3. Bb5 g6 4. O-O Bg7 5. Nc3 Nd4 6. Bc4 d6 7. Nxd4 cxd4 8.
Ne2 e6 9. c3 Nf6 10. Ng3 dxc3 11. dxc3 O-O 12. Bf4 Qc7 13. Bb3 Rd8 14. Qd2 b6
15. Rad1 Ne8 16. Bg5 f6 17. Bh6 Bh8 18. f4 1-0

[Event "European Blitz 2017"]
[Site "Katowice POL"]
[Date "2017.12.15"]
[Round "3.8"]
[White "Smolin, Sergey1"]
[Black "Brunello, Sabino"]
[Result "1/2-1/2"]
[WhiteTitle "IM"]
[BlackTitle "GM"]
[WhiteElo "2153"]
[BlackElo "2553"]
[WhiteFideId "4131177"]
[BlackFideId "813613"]
[EventDate "2017.12.15"]
[EventType "blitz"]

1. e4 e5 2. Nf3 Nc6 3. Bc4 Nf6 4. d4 exd4 5. e5 d5 6. Bb5 Ne4 7. O-O Bc5 8. Nxd4
Bxd4 9. Qxd4 O-O 10. Bxc6 bxc6 11. Nc3 Ng5 12. Bxg5 Qxg5 13. f4 Qg6 14. Rf2 Bf5
15. Rc1 Rfb8 16. Na4 a5 17. c3 Rb5 18. b3 h5 19. Nc5 Re8 20. a4 Rbb8 21. Rf3 h4
22. Qf2 Qh6 23. Re1 Re7 24. Rd1 Bg4 25. Rf1 Bxf3 26. Qxf3 f6 27. e6 f5 28. Re1
g5 29. fxg5 Qxg5 30. Rf1 Rf8 31. Qf4 Qxf4 32. Rxf4 Rf6 33. Rxh4 Rfxe6 34. Nxe6
Rxe6 35. Kf2 Kg7 36. Rd4 Kf6 37. Rd2 Re8 38. Re2 Rb8 39. Rb2 c5 40. Ke3 Ke5 41.
g3 Rg8 42. Kf3 Rb8 43. Ke3 Kf6 44. Kd3 Kg5 45. Ke3 Kg4 46. Kf2 c4 47. b4 axb4
48. Rxb4 Ra8 49. Ke3 c5 50. Rb5 d4+ 51. cxd4 cxd4+ 52. Kxd4 Rxa4 53. Rb2 f4 54.
gxf4 c3+ 55. Kxc3 Rxf4 56. Rb4 Rxb4 57. Kxb4 Kh3 1/2-1/2

[Event "European Blitz 2017"]
[Site "Katowice POL"]
[Date "2017.12.15"]
[Round "3.9"]
[White "Plat, Vojtech"]
[Black "Szadkowski, Krzysztof"]
[Result "1-0"]
[WhiteTitle "GM"]
[WhiteElo "2567"]
[BlackElo "2138"]
[WhiteFideId "325740"]
[BlackFideId "1125060"]
[EventDate "2017.12.15"]
[EventType "blitz"]

1. e4 Nf6 2. e5 Nd5 3. g3 d6 4. exd6 exd6 5. Bg2 Nb6 6. Ne2 Be7 7. d4 O-O 8. O-O
Bf6 9. Nf4 Nc6 10. c3 Re8 11. Nd2 Bf5 12. Qf3 Bg6 13. Nxg6 hxg6 14. a4 a5 15. b3
Bg5 16. h4 Bf6 17. Ne4 d5 18. Nc5 Rb8 19. Be3 g5 20. h5 Qd7 1-0

[Event "European Blitz 2017"]
[Site "Katowice POL"]
[Date "2017.12.15"]
[Round "3.10"]
[White "Cieslar, Michal"]
[Black "Kovalenko, Igor"]
[Result "0-1"]
[BlackTitle "GM"]
[WhiteElo "2032"]
[BlackElo "2639"]
[WhiteFideId "1141066"]
[BlackFideId "14117908"]
[EventDate "2017.12.15"]
[EventType "blitz"]

1. e4 c6 2. d3 e5 3. Nd2 Bc5 4. g3 d6 5. Bg2 a5 6. c3 a4 7. Ne2 b5 8. d4 Bb6 9.
O-O Nf6 10. h3 Nbd7 11. f4 Bb7 12. Kh2 h5 13. Qc2 Qe7 14. dxe5 Ng4+ 15. Kh1 Ne3
16. Qd3 dxe5 17. Rf3 Ng4 18. Nf1 O-O-O 19. Qc2 h4 20. c4 b4 21. Qxa4 hxg3 22.
Nexg3 Qc5 23. Re3 exf4 0-1